00776cam a2200217 4500001001300000003000400013005001700017008004100034010002200075025002000097050001900117110005900136245020000195260004600395300002100441350001100462410003600473500001700509610001500526999001700541sa 68018666 DLC20260227112713.0710521s1968 ii 00000 eng  asa 68018666 //r84 aPL480:I-F-E-1330 aHE9871.A95bI510aIndia.bParliament.bCommittee on Public Undertakings.00aAction taken by Government on the recommendations contained in the twenty-first Report of the Committee on Public Undertakings (third Lok Sabha),bAir India, Ministry of Tourism & Civil Aviation.0 aNew Delhi,bLok Sabha Secretariat,c1968. av, 33 p.c25 cm. aRs0.6511aItstReport,v4th Lok Sabha, 22 aCover title.20aAir-India. c88570d88570